Blondes - Sudden Death - Statistics

General Stats
  • This quiz has been taken 133 times
  • The average score is 2 of 12
Answers on the Grid
Answers color-coded by a green-red scale on the quiz's grid according to % correct below.
Angelina Jolie
Ariana Grande
Avril Lavigne
Brad Pitt
Britney Spears
Elvis Presley
Emma Stone
Jennifer Aniston
Jennifer Lawrence
Justin Bieber
Katy Perry
Lady Gaga
Leonardo DiCaprio
Marilyn Monroe
Miley Cyrus
Nicole Kidman
Princess Diana
Ryan Gosling
Sofía Vergara
Taylor Swift
 
Answer Stats
Answer % Correct
Taylor Swift
50%
Brad Pitt
26%
Ryan Gosling
25%
Justin Bieber
23%
Leonardo DiCaprio
21%
Avril Lavigne
20%
Jennifer Lawrence
19%
Katy Perry
11%
Emma Stone
10%
Elvis Presley
8%
Angelina Jolie
6%
Sofía Vergara
4%
No matching quizzes found
Score Distribution
Percent of People with Each Score
Percentile by Number Answered
Your Score History
You have not taken this quiz